[Event "Buryatia-ch"]
[Site "Ulan-Ude"]
[Date "2006.12.09"]
[Round "8"]
[White "Zhabanov, Zhambal"]
[Black "Irinchinov, Vladimir"]
[Result "0-1"]
[WhiteElo "1994"]
[BlackElo "1971"]
[PlyCount "99"]
[EventDate "2006.12.02"]
[EventType "swiss"]
[EventRounds "9"]
[EventCountry "RUS"]
[SourceTitle "EXT 2008"]
[Source "ChessBase"]
[SourceDate "2007.11.25"]
[SourceVersion "1"]
[SourceVersionDate "2007.11.25"]
[SourceQuality "1"]

1. d4 Nf6 2. c4 g6 3. Nf3 Bg7 4. Nc3 0-0 5. e4 d6 6. Be2 Nbd7 7. 0-0 e5 8. d5 Nc5 9. Qc2 a5 10. Be3 b6 11. a3 Ng4 12. Bg5 f6 13. Bd2 a4 14. h3 Nh6 15. Be3 Bd7 16. Bxc5 bxc5 17. Nd2 f5 18. f4 exf4 19. Rxf4 Be5 20. Rff1 f4 21. Nf3 Bg7 22. Rae1 Nf7 23. Bd1 Ne5 24. Ne2 g5 25. Nxe5 Bxe5 26. Nc1 Qf6 27. Nd3 Bd4+ 28. Kh1 Qg6 29. Nf2 Kg7 30. Bf3 Rab8 31. Rb1 Rb3 32. Rfd1 Be5 33. Rd3 Rfb8 34. Rxb3 Rxb3 35. Qd2 Bc3 36. Qc2 Bd4 37. Bd1 Qf6 38. Nd3 g4 39. Qe2 f3 40. gxf3 gxf3 41. Qf1 Bxh3 42. Qxh3 Rxd3 43. Bc2 Rd2 44. e5 Bxe5 45. Rg1+ Rg2 46. Rxg2+ fxg2+ 47. Qxg2+ Kf8 48. Qh3 h6 49. Qc8+ Kg7 50. Qxc7+ 0-1

[Event "Buryatia-ch"]
[Site "Ulan-Ude"]
[Date "2006.12.06"]
[Round "5"]
[White "Sosov, Yury"]
[Black "Zhabanov, Zhambal"]
[Result "1-0"]
[WhiteElo "1965"]
[BlackElo "1994"]
[PlyCount "81"]
[EventDate "2006.12.02"]
[EventType "swiss"]
[EventRounds "9"]
[EventCountry "RUS"]
[SourceTitle "EXT 2008"]
[Source "ChessBase"]
[SourceDate "2007.11.25"]
[SourceVersion "1"]
[SourceVersionDate "2007.11.25"]
[SourceQuality "1"]

1. e4 c5 2. Nf3 e6 3. b3 Nf6 4. e5 Nd5 5. Bb2 Be7 6. c4 Nf4 7. g3 Ng6 8. Bg2 Nc6 9. 0-0 0-0 10. Re1 d6 11. exd6 Bxd6 12. Nc3 a6 13. Ne4 Be7 14. d4 cxd4 15. Nxd4 Nce5 16. Qc2 f5 17. Nd2 Bf6 18. f4 Ng4 19. Nxe6 Bxe6 20. Rxe6 Bd4+ 21. Kf1 Ne3+ 22. Rxe3 Bxe3 23. Bd5+ Kh8 24. Qc3 Qe7 25. Nf3 Bc5 26. Ng5 h6 27. Ne6 Rf6 28. a3 Rb8 29. b4 Ba7 30. Re1 Qd7 31. Nxg7 Qxg7 32. Qxf6 Qxf6 33. Bxf6+ Kh7 34. c5 a5 35. Re6 axb4 36. axb4 h5 37. Rd6 Nf8 38. Bf3 Rc8 39. Bxb7 Rc7 40. Bf3 Nd7 41. Bd8 1-0

[Event "Buryatia-ch"]
[Site "Ulan-Ude"]
[Date "2006.12.03"]
[Round "2"]
[White "Zhabanov, Zhambal"]
[Black "Badmatsyrenov, Oleg"]
[Result "0-1"]
[WhiteElo "1994"]
[BlackElo "2220"]
[PlyCount "100"]
[EventDate "2006.12.02"]
[EventType "swiss"]
[EventRounds "9"]
[EventCountry "RUS"]
[SourceTitle "EXT 2008"]
[Source "ChessBase"]
[SourceDate "2007.11.25"]
[SourceVersion "1"]
[SourceVersionDate "2007.11.25"]
[SourceQuality "1"]

1. e4 c5 2. Nf3 e6 3. d4 cxd4 4. Nxd4 a6 5. Be2 Nf6 6. Nd2 d5 7. e5 Nfd7 8. N2f3 Nc6 9. Nxc6 bxc6 10. 0-0 Qc7 11. Re1 a5 12. Bf1 a4 13. a3 Bc5 14. Be3 Be7 15. Bd2 0-0 16. c4 Nc5 17. Nd4 Rd8 18. Qc2 dxc4 19. Be3 Nd3 20. Red1 Nxe5 21. Bxc4 Ng4 22. Nf3 Nxe3 23. fxe3 Bb7 24. Rxd8+ Bxd8 25. Rd1 Bf6 26. Nd4 c5 27. Nb5 Qe5 28. Qe2 Qxb2 29. Qxb2 Bxb2 30. Rb1 Be5 31. Nc7 Be4 32. Nxa8 Bxb1 33. Nb6 Bc2 34. Bb5 Bb2 35. Nxa4 Bxa3 36. Nb6 Bb4 37. Kf2 Bb3 38. Ke2 h5 39. Kd3 g5 40. Nd7 Kg7 41. e4 f5 42. e5 h4 43. Nf6 Be1 44. Nd7 Bf2 45. Bc4 Bxc4+ 46. Kxc4 g4 47. Nxc5 Bxc5 48. Kxc5 f4 49. Kd4 g3 50. hxg3 f3 0-1